00330nam a2200109Ia 4500008004000000082001500040100002500055245003500080260003800115300000800153650005900161210210b1989 xxu||||| |||| 00| 0 eng d a001.4 ANDT aANDERSON (Janathan). aThesis and assignment writing. aMadrasbWiley Eastern Ltd.c1989 a134 aThesis writing Assignment witing Assignment writ